LosPollosTV Quiz - Statistics

General Stats
  • This quiz has been taken 16 times
  • The average score is 10 of 13
Answer Stats
Hint Answer % Correct
Where does Los primarily stream? Kick
93%
Where is Los from? New Jersey
93%
What's Los's father's nickname? Wad
93%
What kind of voice do people on Tiktok give him? (Hint: he hates it) Chipmunk
86%
What popular video game did he stream back in 2017 and 2018? Fortnite
86%
What online game do Los and his father play, where they tend to usually answer New Jersey? Geoguessr
86%
What's Los's real name? Louis Sammartino
86%
"We don't even know reality from _______." Fantasy
79%
In a viral old clip, what rare weapon did he steal from his teammate? Golden Scar
79%
What child celebrity has Los been seen in videos with? The Rizzler
71%
Instead of a fanbase, Los has a_________. Haterbase
64%
Using AI, Los viewers put his head on the body of what NFL player? Christian McCaffrey
43%
"Evil ____" Faps
21%
No matching quizzes found
Score Distribution
Percent of People with Each Score
Percentile by Number Answered
Your Score History
You have not taken this quiz